Estudio laboral en las empresas industriales del Area Metropolitana de San José. Agosto de 1970

Kaydedildi:
Detaylı Bibliyografya
Müşterek Yazar: Costa Rica. Ministerio de Trabajo y Seguridad Social
Materyal Türü: Metin
Baskı/Yayın Bilgisi: San José: MTSS. Depto. de Recursos Humanos
Konular:
Etiketler: Etiketle
Etiket eklenmemiş, İlk siz ekleyin!

MARC

LEADER 00000 a a2200000 04500
001 17264
003
040
090 |a 010900  
110 |a Costa Rica. Ministerio de Trabajo y Seguridad Social  
245 |a Estudio laboral en las empresas industriales del Area Metropolitana de San José. Agosto de 1970  
260 |a San José:   |b MTSS. Depto. de Recursos Humanos  
300 |a 25 p.  
650 |a EMPRESAS INDUSTRIALES  
650 |a CONDICIONES DE TRABAJO  
999 |c 15326  |d 15326